00941 2200325 4500001002100000005001500021035002500036008004100061040001200102082001500114090001700129100002500146245011800171250001800289260004300307300003100350650001800381850001200399007000300411020001600414084001700430700002800447700003200475990001800507990001800525990001800543990001800561990001800579990001800597YOGYA-0209000007131820200605094016 a0010-020900000071318090227s jii f | ind | aYOPDYOG04223a297.35 a297.35 ALH m1 aAL-HAZZA, Ali Shalih aMenjemput bekal kematian /cAli Shalih Al-Hazza; penerjemah, Ainul Haris Umar Thayib, Nurul Mukhlisin Asyrafuddin aEd. 9, cet. 2 aSurabaya :bLa Riaba bima Amant,c2006 a165 hlm. :bilus. ;c15 cm 4aHari kemudian aYOPDYOGta a979266728-8 a297.35 ALH m0 aAinul Haris Umar Thayib0 aNurul Mukhlisin Asyrafuddin a33976-PD/A.08 a33974-PD/A.08 a33974-PD/A.08 a33976-PD/A.08 a33976-PD/A.08 a33974-PD/A.08